| Tag |
First Indicator |
Second Indicator |
Subfields |
| LEADER |
00000cam a2200000 a 4500 |
| 001 |
in00002082011 |
| 005 |
20211202203557.0 |
| 008 |
050915s2005 dcu b f000 0 eng c |
| 020 |
|
|
|a 0160749166
|
| 035 |
|
|
|a (OCoLC)ocm61356158
|
| 037 |
|
|
|a 552-070-32971-4
|b GPO
|
| 040 |
|
|
|a GPO
|c GPO
|d GPO
|d MvI
|d UtOrBLW
|
| 042 |
|
|
|a pcc
|
| 043 |
|
|
|a n-us---
|
| 049 |
|
|
|a UDOC
|
| 049 |
|
|
|a WWW
|
| 050 |
1 |
4 |
|a KF27
|b .I549143 2005e
|
| 074 |
|
|
|a 1017-A-01
|
| 074 |
|
|
|a 1017-A-01 (online)
|
| 074 |
|
|
|a 1017-B-01 (MF)
|
| 074 |
|
|
|a 1017-B-01 (online)
|
| 086 |
0 |
|
|a Y 4.IN 8/16:P 31/20
|
| 088 |
|
|
|a Serial no. 109-42 (United States. Congress. House. Committee on International Relations)
|
| 110 |
1 |
|
|a United States.
|b Congress.
|b House.
|b Committee on International Relations.
|b Subcommittee on Africa, Global Human Rights, and International Operations.
|
| 245 |
1 |
0 |
|a U.N. peacekeeping reform :
|b seeking greater accountability and integrity : hearing before the Subcommittee on Africa, Global Human Rights, and International Operations of the Committee on International Relations, House of Representatives, One Hundred Ninth Congress, first session, May 18, 2005.
|
| 246 |
3 |
|
|a UN peacekeeping reform, seeking greater accountability and integrity
|
| 264 |
|
1 |
|a Washington :
|b U.S. G.P.O. :
|c 2005.
|
| 264 |
|
2 |
|a Washington :
|b For sale by the Supt. of Docs., U.S. G.P.O.,
|
| 300 |
|
|
|a iii, 52 pages ;
|c 24 cm.
|
| 336 |
|
|
|a text
|b txt
|2 rdacontent
|
| 337 |
|
|
|a unmediated
|b n
|2 rdamedia
|
| 338 |
|
|
|a volume
|b nc
|2 rdacarrier
|
| 500 |
|
|
|a Distributed to some depository libraries in microfiche.
|
| 500 |
|
|
|a Shipping list number: 2005-0231-P.
|
| 500 |
|
|
|a Shipping List Date: 09/12/2005
|
| 504 |
|
|
|a Includes bibliographical references.
|
| 500 |
|
|
|a "Serial number 109-42."
|
| 530 |
|
|
|a Also available via Internet from the Committee web site. Address as of 9/6/05: http://wwwc.house.gov/international%5Frelations/109/21308.PDF; current access is available via PURL.
|
| 610 |
2 |
0 |
|a United Nations
|x Peacekeeping forces
|x Management.
|
| 610 |
2 |
0 |
|a United Nations
|x Peacekeeping forces
|x Sexual behavior.
|
| 610 |
2 |
0 |
|a United Nations.
|z United States.
|
| 650 |
|
0 |
|a Security, International.
|
| 856 |
4 |
1 |
|u https://purl.fdlp.gov/GPO/LPS63615
|t 0
|
| 999 |
|
|
|a MARS
|
| 999 |
f |
f |
|s abb79164-cd5e-3545-9c3c-084024a71fc0
|i f0bff64a-9fbe-3a20-81c0-46c1949c8ec1
|t 0
|
| 952 |
f |
f |
|a Texas A&M University
|b College Station
|c Electronic Resources
|d Available Online
|t 0
|e Y 4.IN 8/16:P 31/20
|h Superintendent of Documents classification
|
| 998 |
f |
f |
|a Y 4.IN 8/16:P 31/20
|t 0
|l Available Online
|